000 00978nam a2200229Ia 4500
999 _c40829
_d40829
001 7469
003 GE_BSU
005 20191227121725.0
008 181216s2013||||ge |||||||||||||| ||geo||
020 _a9789941434358
040 _cGE_BSU
041 _ageo
080 _a577.12(075.8) +546.212(075.8) გ–74
100 _aგოცირიძე, რაულ
_95985
245 _aადამიანის ყოფიერება და წყალი /
_cრაულ გოცირიძე ; რედ. ნარგიზ მეგრელიძე.
264 _aბათუმი :
_bშოთა რუსთაველის სახ. უნ–ტი,
_c2013.
300 _a183 გვ;
_b21 სმ.
653 _aადამიანის წარმოშობა
653 _a წყალი და ადამიანი
700 _aმეგრელიძე, ნარგიზ
_eრედაქტორი
_95986
942 _cBK
_2udc